Countries Starting and Ending in 'A' - Statistics

General Stats
  • This quiz has been taken 38 times
  • The average score is 9 of 9
Answer Stats
Clue Country % Correct
Pope Francis Argentina
100%
Down Under Australia
100%
The Balkan Peninsula Albania
97%
The Sahara Desert Algeria
97%
Mozart Austria
97%
The Caribbean Antigua and Barbuda
95%
The Caucasus Armenia
95%
Portuguese Africa Angola
89%
Co-Princes Andorra
84%
No matching quizzes found
Score Distribution
Percent of People with Each Score
Percentile by Number Answered
Your Score History
You have not taken this quiz